000 01058nam2a22002531 4500
001 rc\1027939
005 20250622110729.0
035 _a(NLR Aleph) 006256478
090 _a6804150
_c6804150
100 _a20041129d1981 |||y0rusy50 ca
101 0 _arus
102 _aRU
105 _aa |||||||||
200 1 _aНаборные процессы
_fСост. М.В. Шульмейстер, Г.А. Таль
210 _d1981
_aБ. м.
215 _a255 с.
_cил.
300 _aПредыдущее изд.: Справочник полиграфиста / Т.Е. Цигельман, А.В. Сидорова, Г.А. Таль
461 0 _1001rc\1027938
_12001#$aСправочник технолога полиграфиста$vЧ. 1
_96804143
_cМ.
_d1981-
_nКнига
_tСправочник технолога полиграфиста
_y5212001048
_vЧ. 1
702 1 _aШульмейстер
_bМ.В.
_gМоисей Владимирович
_4220
801 0 _aRU
_bNLR
_gpsbo
801 1 _aRU
_bELAR
_2rusmarc
852 _aNLR
_j86-5/777
942 _cBOOK
980 _aNB